00887nam a2200193 a 450000100100000000500170001000800410002702000180006804000250008610000440011124500970015526000440025230000350029604900090033195201110034095201200045195201050057199900170067600003611020200930074903.0111108s2011 dr ac 000 0 spa d a9789945164497 aDO-SdBNPbspacBNPHU1 aPérez Incháustegui, Josefina95537210aAlbores de la vida III :bpoemas familiares y religiosos /cJosefina Pérez Incháustegui. aSanto Domingo :bEditora Búho,c2011. a75 p. :bil., retrs. ;c16 cm. aBNPD 0010718PDaPDbPDcCTd2011-12-13iLF1l0o p36110-10r2020-06-25te. 2w2020-06-25yLFPDZNo se presta 001054708DSaPDbPDcCTd2011-12-13iLF1l0o p36110-20r2020-06-25te. 3w2020-06-25yLFDSZPréstamo en sala 0010718PDaPDbPDcCTd2011-12-13iLF1l0o p36110-30r2020-06-25w2020-06-25yLFPDZNo se presta c35601d35601